000 02381nkm0a2200469 4500
001 RU\NLR\BIBL_A\022599238
005 20260408070818.0
035 _a(NLR Aleph) 022599238
071 5 0 _d9 коп.
_960000
090 _a13509310
_c13509310
100 _a20250811d1985 u y0rusy50 ca
101 0 _arus
_amon
102 _aRU
116 _aiiycxx zz ad
135 _acrcn 024anaba
181 0 _ab4
_bxb2e
182 0 _an
200 1 _aС Победой!
_eЯлалтын баяр хургэе!
_e1945 Разгром Квантунской армии
_e[плакат]
_fхудожник Д. Денисов
_gредактор Н. Гусев
_gтехн. редактор В. Артамонова
203 _aИзображение
_bнеподвижное
_bдвухмерное
_bвизуальное
_cнепосредственное
210 _aМосква
_cПлакат
_d1985
_eМосква
_gКрасный пролетарий
215 _a1 л.
_cофсет. печать
_d67,5х47,7
300 _aВ вып. данных: Подп. в печать 18.10.84. А-04656; Заказ 4972
325 _aКопия доступна в Электрон. б-ке РНБ
541 1 _aДавайте праздновать Победу!
606 1 _aПлакат русский советский
_92168899
_3RU\NLR\AUTH\661304813
606 1 _aСоветско-японская война
_jПлакаты
_z1945
_91350686
_3RU\NLR\AUTH\66249354
606 1 _aМаньчжурская операция
_jПлакаты
_z1945
_91627124
_3RU\NLR\AUTH\66718359
686 _aЩ153(2Р=Рус)7-466
700 1 _aДенисов
_bД.
_4040
712 0 2 _4650
_a"Плакат", издательство
_cМосква
_3RU\NLR\AUTH\8810148986
_9792500
712 0 2 _4610
_a"Красный пролетарий", типография
_cМосква
_3RU\NLR\AUTH\8810047271
_9594372
852 0 0 _aNLR
_bЭ
_jПлИр996/5-1
_mЭпл53072
856 0 _uhttps://vivaldi.nlr.ru/la000070745/view
856 1 _uhttps://vivaldi.nlr.ru/la000070745/cover
856 2 _uhttps://vivaldi.nlr.ru/la000070745/text
942 _cVISUAL
980 _aNB
981 1 7 _a(17) Изографические материалы
_b(17) Плакаты